Follow that Line: Frasier (Season 1) Quiz Stats

Quiz not verified by Sporcle

Challenge
Share
Tweet
Embed
Score 0/24 Timer 08:00
0 Plays Today
% Correct
Daphne: Then, of course, one day we couldn't wake him. Poor Grammy. For weeks, she kept insisting: 'He's napping, he's napping.'
93.9%
Frasier: I have no idea. Roz told me never to touch it!
93.4%
Roz: It means I get to put on the air the calls I want to hear.
93.1%
Niles: No, I have plans Saturday.
93%
Niles: And so am I!
92.6%
Roz: Because I have one.
91.4%
Niles: No, no, you were in a mall. Did anyone see you?
91.2%
Frasier: Not any more, they just towed your car.
90.7%
Frasier: Oh, I think that's implied!
90.5%
Frasier: Then she came back to me, which was excruciating.
90.1%
Frasier: He didn't think it was very amusing when I said 'Rest home!'
89.8%
Niles: The day I could go into a library, go to the card catalogue and see my name under 'Mental Illness.'
86.7%
% Correct
Niles: Me, too. But they make wonderful patients. They have excellent health insurance and they never get better.
85.5%
Frasier: Remind me again what you do for a living.
85.2%
Frasier: The fact that he's a giant purple hippopotamus probably should have tipped you off.
85.1%
Niles: Frasier, you're my brother. That entitles you to my bone marrow and one of my kidneys; but this is an imposition.
84%
Martin: Big talk from a Volvo.
83.6%
Frasier: So are you!
83.3%
Niles: ...and I don't like to leave them alone for too long.
82.1%
Niles: ...and it takes me forever to fill out the name tags.
79.8%
Frasier: We've decided to find it charming.
79.5%
Niles: So there'll be no blaming Mother today!
78.6%
Frasier: You say my brother called.
73.3%
Martin: If you don't show up, who's gonna notice?
70.4%

You're not logged in!

Compare scores with friends on all Sporcle quizzes.
Join for Free
OR
Log In

You Might Also Like...

Show Comments

Extras

Top Quizzes Today


Score Distribution

Your Account Isn't Verified!

In order to create a playlist on Sporcle, you need to verify the email address you used during registration. Go to your Sporcle Settings to finish the process.

Report this User

Report this user for behavior that violates our Community Guidelines.

Details: